LEADER 01063nam a2200253 u 4500 001 000000089962 003 CaOOAMICUS 005 20070226124655.0 008 051202s1980 it ad u000 u ita u 035 $a11071204 040 $aPUL(R)$bita 245 00$aLavorando con gli insegnanti /$cgruppo Universitą-Scuola ; a cura di Maria Arcą ... [et al.]. 260 $aFirenze :$bLa Nuova Italia,$c1980. 300 $aix, 312 p. :$bill., diagr. ;$c21 cm 490 1 $aEducatori antichi e moderni ;$v351 504 $aBibliografia in nota. 650 4$aDidattica.$0(OLS)http://pul/subject/14912 700 1 $aArcą, Maria.$0(OLS)http://pul/name/58216 830 0$aEducatori antichi e moderni ;$v351.$0(OLS)http://pul/title/13529 850 $aPUL 852 $aPUL$W1$xDP1 Fondo Pastorale$y55$mP16 A 35$j113633$nBK-PRI$b $qFondi$B113633$CPULBib$Z2$F113633 $HPUL64158 $81 941 1 $a1 996 $6245$aLavorando con gli insegnanti$9(OLS)http://pul/title/116193 996 $6260$aFirenze :$bLa Nuova Italia$9(OLS)http://pul/publisher/48361 LEADER 01377nam a2200325 a 4500 001 000000160524 003 CaOOAMICUS 005 20170505151726.0 008 170505s2017 it u000 u ita r 020 $a978-88-921-0729-8* 032 $aLibriCat 040 $aPUL$bita 082 04$a346.4 100 1 $aIbrido, Renato.$0(OLS)http://pul/name/102708 245 12$aL'Unione bancaria europea :$bprofili costituzionali /$cRenato Ibrido . 260 $aTorino :$bGiappichelli,$c©2017. 300 $aVIII, 355 p. ;$c23 cm. 490 1 $aPer una koiné costituzionale ;$v05 504 $aBibliografia in nota. 650 4$aBanche$xLegislazione$vPeriodici.$0(OLS)http://pul/subject/27652 650 4$aBanche e gestione bancaria$zEuropa.$0(OLS)http://pul/subject/44554 830 0$aPer una koiné costituzionale ;$v05.$0(OLS)http://pul/title/167915 850 $aPUL 852 $aPUL$W1$xSL Diritto e Scienze Sociali 3$y79$m346. 4 IBRRE 1$j184172$qDDC 21$B187382$CPULBib$Z2$F187382 $H129463 $81 941 1 $a9 996 $6020$a978-88-921-0729-8*$9(OLS)http://pul/number/162602 996 $6082$a346.4$9(OLS)http://pul/classification/401 996 $6245$aL'Unione bancaria europea :$bprofili costituzionali$9(OLS)http://pul/title/200185 996 $6260$aTorino :$bGiappichelli$9(OLS)http://pul/publisher/48244